[Event "4NCL Team Rapidplay"]
[Site "Daventry"]
[Date "2013.10.05"]
[Round "5.5"]
[White "Frostick, Clive A"]
[Black "Pritchett, Craig W"]
[Result "0-1"]
[WhiteElo "2178"]
[BlackElo "2359"]
[PlyCount "55"]
[EventDate "2013.10.05"]
[EventType "team-swiss (rapid)"]
[EventRounds "7"]
[EventCountry "ENG"]
[WhiteTeam "BCM Dragons"]
[BlackTeam "Barbican II"]
[WhiteTeamCountry "ENG"]
[BlackTeamCountry "ENG"]

1. e4 c5 2. Nf3 e6 3. g3 a6 4. Bg2 Nc6 5. O-O Nf6 6. e5 Ng4 7. Re1 Qc7 8. d4
cxd4 9. Bf4 d6 10. exd6 Bxd6 11. Bxd6 Qxd6 12. c3 d3 13. h3 Nf6 14. Re3 O-O 15.
Rxd3 Qc7 16. Qe2 e5 17. Rd1 e4 18. Nd4 Re8 19. Nc2 Ne5 20. Ne3 Bd7 21. Na3 Bc6
22. Rd4 Nf3+ 23. Bxf3 exf3 24. Qc2 Rxe3 25. fxe3 Qxg3+ 26. Kf1 Qxh3+ 27. Kg1
Ng4 28. Qd3 0-1

[Event "4NCL Team Rapidplay"]
[Site "Daventry"]
[Date "2013.10.05"]
[Round "5.6"]
[White "Sands, David"]
[Black "Tavares, Shawn P"]
[Result "1-0"]
[WhiteElo "2243"]
[BlackElo "2143"]
[PlyCount "45"]
[EventDate "2013.10.05"]
[EventType "team-swiss (rapid)"]
[EventRounds "7"]
[EventCountry "ENG"]
[WhiteTeam "Barbican II"]
[BlackTeam "BCM Dragons"]
[WhiteTeamCountry "ENG"]
[BlackTeamCountry "ENG"]
[TimeControl "900+180"]
[WhiteClock "0:00:47"]
[BlackClock "0:04:43"]

1. d4 e6 2. c4 Nf6 3. Nf3 c5 4. d5 b5 5. Bf4 bxc4 6. Nc3 Qa5 7. Bd2 Qb6 8. e4
Qxb2 9. Bxc4 Be7 10. Rb1 Qa3 11. Nb5 Qa6 12. Nc7+ Kf8 13. Nxa6 Nxa6 14. dxe6
dxe6 15. Qe2 Nb4 16. O-O Bd7 17. Bf4 Bc6 18. a3 Nxe4 19. axb4 Nc3 20. Qe3 Nxb1
21. Rxb1 cxb4 22. Ne5 Bb7 23. Nxf7 1-0

[Event "4NCL Team Rapidplay"]
[Site "Daventry"]
[Date "2013.10.05"]
[Round "5.7"]
[White "Kane, Robert"]
[Black "Hodgson, John H"]
[Result "1/2-1/2"]
[WhiteElo "1862"]
[BlackElo "2150"]
[PlyCount "85"]
[EventDate "2013.10.05"]
[EventType "team-swiss (rapid)"]
[EventRounds "7"]
[EventCountry "ENG"]
[WhiteTeam "BCM Dragons"]
[BlackTeam "Barbican II"]
[WhiteTeamCountry "ENG"]
[BlackTeamCountry "ENG"]
[TimeControl "900+105"]
[WhiteClock "0:06:01"]
[BlackClock "0:05:01"]

1. d4 Nf6 2. Nf3 g6 3. Nc3 d5 4. Bf4 Bg7 5. e3 O-O 6. Be2 c5 7. Ne5 cxd4 8.
exd4 Nc6 9. O-O Bf5 10. Nxc6 bxc6 11. Na4 Nd7 12. c3 e5 13. dxe5 Nxe5 14. Nc5
Qe7 15. Nd3 Rfe8 16. Nxe5 Bxe5 17. Bxe5 Qxe5 18. Bf3 Be4 19. Bxe4 Qxe4 20. Re1
Qxe1+ 21. Qxe1 Rxe1+ 22. Rxe1 Rb8 23. Re2 Kf8 24. Kf1 c5 25. Ke1 Rb6 26. Kd1 a5
27. Kc2 a4 28. Re5 Rd6 29. Kd3 f6 30. Re3 Rb6 31. Kc2 Kf7 32. Rh3 h5 33. Rh4
Ra6 34. g4 hxg4 35. Rxg4 f5 36. Rh4 Kg7 37. Kd3 g5 38. Rh5 Kg6 39. Rh8 Rb6 40.
Kc2 Re6 41. Kd2 Rb6 42. Kc2 Re6 43. Kd2 1/2-1/2

[Event "4NCL Team Rapidplay"]
[Site "Daventry"]
[Date "2013.10.05"]
[Round "5.8"]
[White "Bhatia, Kanwal K"]
[Black "Mallon, Gunnar"]
[Result "1-0"]
[WhiteElo "2039"]
[BlackElo "1702"]
[PlyCount "121"]
[EventDate "2013.10.05"]
[EventType "team-swiss (rapid)"]
[EventRounds "7"]
[EventCountry "ENG"]
[WhiteTeam "Barbican II"]
[BlackTeam "BCM Dragons"]
[WhiteTeamCountry "ENG"]
[BlackTeamCountry "ENG"]
[TimeControl "900+160"]
[WhiteClock "0:01:23"]
[BlackClock "0:01:21"]

1. d4 d5 2. e3 e5 3. Bb5+ Bd7 4. Nd2 exd4 5. exd4 c5 6. Qe2+ Qe7 7. Bxd7+ Nxd7
8. dxc5 Qxe2+ 9. Nxe2 Bxc5 10. Nb3 Ngf6 11. Nxc5 Nxc5 12. O-O O-O 13. Be3 b6
14. Rad1 Rad8 15. Rfe1 h6 16. Nf4 Rfe8 17. Bd4 Rxe1+ 18. Rxe1 Nfe4 19. f3 Ng5
20. Re7 Nge6 21. Bxc5 Nxf4 22. Be3 Ne6 23. c3 Ra8 24. Rd7 Rd8 25. Rxa7 d4 26.
cxd4 Nxd4 27. Rb7 Nf5 28. Bxb6 Rd1+ 29. Kf2 Rd2+ 30. Kf1 Rxb2 31. Rb8+ Kh7 32.
a4 Ne3+ 33. Ke1 Nxg2+ 34. Kd1 Nf4 35. Bc7 Rxb8 36. Bxb8 Ne6 37. a5 Nd4 38. a6
Nc6 39. a7 Nxa7 40. Bxa7 Kg6 41. Ke2 Kf5 42. Ke3 g5 43. Bb8 h5 44. Bc7 Kg6 45.
Ke4 f5+ 46. Ke3 h4 47. f4 g4 48. Kf2 Kf7 49. Bd8 h3 50. Kg3 Kg6 51. Kh4 Kh6 52.
Ba5 Kg6 53. Be1 Kh6 54. Kg3 Kg6 55. Kf2 Kf6 56. Ke3 Ke6 57. Kd4 Kd6 58. Bf2 Ke6
59. Kc5 Kf6 60. Kd6 Kg6 61. Ke6 {and a few more garbled moves} 1-0

[Event "4NCL Team Rapidplay"]
[Site "Daventry"]
[Date "2013.10.05"]
[Round "5.1"]
[White "Merry, Alan B"]
[Black "Hunt, Peter"]
[Result "1-0"]
[WhiteElo "2297"]
[BlackElo "2072"]
[PlyCount "121"]
[EventDate "2013.10.05"]
[EventType "team-swiss (rapid)"]
[EventRounds "7"]
[EventCountry "ENG"]
[WhiteTeam "RSJ"]
[BlackTeam "MK Phoenix"]
[WhiteTeamCountry "ENG"]
[BlackTeamCountry "ENG"]

1. e4 c5 2. g3 g6 3. Bg2 Bg7 4. Ne2 d6 5. O-O Nf6 6. d3 Nc6 7. c4 O-O 8. Nbc3
Bd7 9. h3 Ne8 10. Be3 f5 11. exf5 Bxf5 12. d4 cxd4 13. Nxd4 Bd7 14. Qd2 Nf6 15.
Rad1 a6 16. Rfe1 Rc8 17. b3 Nxd4 18. Bxd4 Bc6 19. Nd5 Nxd5 20. cxd5 Bd7 21.
Bxg7 Kxg7 22. Re4 Bf5 23. Rh4 Kg8 24. Re1 Rf7 25. Be4 Qd7 26. Qd4 Bxe4 27.
Rhxe4 Qxh3 28. Rh4 Qd7 29. Re6 Rg7 30. Kg2 Qc7 31. Qe4 Qd7 32. Qe3 Rf8 33. Rhe4
Rff7 34. a4 Kf8 35. Qc3 Kg8 36. Rc4 Rf8 37. Rc7 Qe8 38. Rxb7 Qf7 39. Qe3 Qf5
40. Qd4 Rgf7 41. Rexe7 Qxf2+ 42. Qxf2 Rxf2+ 43. Kh3 R2f7 44. Rxf7 Rxf7 45. Rb6
Ra7 46. a5 Kf7 47. Rxd6 Ke7 48. Rb6 Rd7 49. Rxa6 Rxd5 50. b4 Rb5 51. Rb6 Rxb6
52. axb6 Kd6 53. b5 Kd7 54. Kg4 h6 55. Kf4 Kc8 56. Ke5 Kb7 57. Kf6 Kxb6 58.
Kxg6 Kxb5 59. Kxh6 Kc6 60. Kg6 Kd7 61. Kf7 1-0

[Event "4NCL Team Rapidplay"]
[Site "Daventry"]
[Date "2013.10.05"]
[Round "5.2"]
[White "Freeman, Richard"]
[Black "Mayhew, Andrew"]
[Result "0-1"]
[WhiteElo "2030"]
[BlackElo "2058"]
[PlyCount "82"]
[EventDate "2013.10.05"]
[EventType "team-swiss (rapid)"]
[EventRounds "7"]
[EventCountry "ENG"]
[WhiteTeam "MK Phoenix"]
[BlackTeam "RSJ"]
[WhiteTeamCountry "ENG"]
[BlackTeamCountry "ENG"]
[TimeControl "900+145"]
[WhiteClock "0:00:13"]
[BlackClock "0:02:04"]

1. d4 Nf6 2. Bg5 g6 3. Bxf6 exf6 4. e3 Bg7 5. g3 d6 6. Bg2 f5 7. Ne2 Nd7 8. O-O
Nf6 9. c4 h5 10. h4 O-O 11. Nbc3 Re8 12. Nf4 Ng4 13. Nh3 c6 14. b4 Bd7 15. Qb3
Nxe3 16. fxe3 Rxe3 17. Rae1 Rxg3 18. Rf3 Rxf3 19. Bxf3 Qxh4 20. Nf2 Qg3+ 21.
Bg2 Bxd4 22. Ncd1 Qxb3 23. axb3 Re8 24. Rxe8+ Bxe8 25. Kf1 g5 26. Ke2 g4 27.
Nd3 Kg7 28. Nf4 Kh6 29. Kd3 Be5 30. Ke3 Kg5 31. Nd3 h4 32. b5 h3 33. Bh1 g3 34.
bxc6 bxc6 35. Kf3 f4 36. N1f2 Bd7 37. Ne4+ Kh4 38. Nxf4 Bxf4 39. Kxf4 g2 40.
Bxg2 hxg2 41. Nd2 Bg4 0-1

[Event "4NCL Team Rapidplay"]
[Site "Daventry"]
[Date "2013.10.05"]
[Round "5.3"]
[White "Snape, Ian L"]
[Black "Adebajo, Olufemi"]
[Result "1-0"]
[WhiteElo "2218"]
[BlackElo "1971"]
[PlyCount "99"]
[EventDate "2013.10.05"]
[EventType "team-swiss (rapid)"]
[EventRounds "7"]
[EventCountry "ENG"]
[WhiteTeam "RSJ"]
[BlackTeam "MK Phoenix"]
[WhiteTeamCountry "ENG"]
[BlackTeamCountry "ENG"]
[TimeControl "900+90"]
[WhiteClock "0:04:24"]
[BlackClock "0:02:14"]

1. e4 c5 2. Nf3 d6 3. d4 cxd4 4. Nxd4 Nf6 5. Nc3 g6 6. Be3 Bg7 7. f3 Nc6 8. Qd2
O-O 9. Bc4 Bd7 10. h4 h5 11. O-O-O Rb8 12. Nxc6 bxc6 13. g4 d5 14. g5 Ne8 15.
exd5 Nd6 16. Bb3 cxd5 17. Nxd5 Bf5 18. Bd4 e5 19. Bc5 Kh8 20. Nf6 Bxf6 21. gxf6
Qxf6 22. Qxd6 Qg7 23. Rhe1 f6 24. Kb1 a5 25. Qe7 Rfc8 26. Qxg7+ Kxg7 27. Bd6
Rb6 28. Rd2 Rcc6 29. Red1 e4 30. Ba3 exf3 31. Bd5 Rc3 32. Kc1 Rc7 33. Bxf3 Kh6
34. b3 Re6 35. Bd6 Rxd6 36. Rxd6 Rxc2+ 37. Kb1 Rf2+ 38. Ka1 Rxf3 39. Rxf6 Rh3
40. Rd4 Bg4 41. Rdd6 Rxh4 42. Rxg6+ Kh7 43. Ra6 Be2 44. Rh6+ Kg7 45. Rag6+ Kf7
46. Rc6 Kg7 47. Rhg6+ Kh7 48. Rge6 Rh1+ 49. Kb2 Bg4 50. Rc7+ 1-0

[Event "4NCL Team Rapidplay"]
[Site "Daventry"]
[Date "2013.10.05"]
[Round "5.4"]
[White "Macdonald-Ross, Michael"]
[Black "Talsma, Paul"]
[Result "0-1"]
[WhiteElo "2128"]
[BlackElo "2192"]
[PlyCount "40"]
[EventDate "2013.10.05"]
[EventType "team-swiss (rapid)"]
[EventRounds "7"]
[EventCountry "ENG"]
[WhiteTeam "MK Phoenix"]
[BlackTeam "RSJ"]
[WhiteTeamCountry "ENG"]
[BlackTeamCountry "ENG"]

1. d4 f5 2. g3 Nf6 3. Bg2 d6 4. Nf3 c6 5. O-O Qc7 6. c4 e5 7. Nc3 e4 8. Ne1 Be7
9. f3 exf3 10. Nxf3 O-O 11. d5 Ne4 12. Nxe4 fxe4 13. Nd4 Rxf1+ 14. Qxf1 Bf6 15.
Be3 Na6 16. Bxe4 Nc5 17. Bc2 Qe7 18. Qf2 Bd7 19. Rf1 Ne4 20. Qf4 Bg5 0-1

[Event "4NCL Team Rapidplay"]
[Site "Daventry"]
[Date "2013.10.05"]
[Round "5.5"]
[White "Hall, John"]
[Black "Pitcher, John"]
[Result "0-1"]
[WhiteElo "2269"]
[BlackElo "2246"]
[PlyCount "106"]
[EventDate "2013.10.05"]
[EventType "team-swiss (rapid)"]
[EventRounds "7"]
[EventCountry "ENG"]
[WhiteTeam "Leeds University Old Boys"]
[BlackTeam "Warwickshire Select"]
[WhiteTeamCountry "ENG"]
[BlackTeamCountry "ENG"]
[TimeControl "900+105"]
[WhiteClock "0:01:05"]
[BlackClock "0:00:55"]

1. e4 c5 2. Nf3 e6 3. d4 cxd4 4. Nxd4 Nc6 5. Nc3 Qc7 6. Be3 a6 7. Be2 Nf6 8.
O-O Bb4 9. Na4 Be7 10. Nxc6 bxc6 11. Nb6 Rb8 12. Nxc8 Qxc8 13. Bd4 c5 14. Be5
Rb6 15. b3 O-O 16. Bf3 d6 17. Bb2 Nd7 18. Be2 Qc6 19. Bd3 Bf6 20. Bxf6 Nxf6 21.
Qe2 Rd8 22. a4 a5 23. Rfe1 Rb4 24. Rab1 h6 25. c3 Rbb8 26. Bb5 Qb6 27. Rbd1 d5
28. exd5 Nxd5 29. Qf3 Qc7 30. g3 Ne7 31. Rxd8+ Rxd8 32. Rd1 Rxd1+ 33. Qxd1 Nd5
34. Qf3 g6 35. Bc4 Qe5 36. Bxd5 exd5 37. Qe3 Qd6 38. Qe8+ Kg7 39. Qb5 Qc7 40.
b4 d4 41. bxc5 dxc3 42. c6 Qd6 43. Qc4 Qd1+ 44. Kg2 c2 45. c7 c1=Q 46. c8=Q
Qh1+ 47. Kh3 Qhf1+ 48. Qxf1 Qxf1+ 49. Kg4 Qxf2 50. Qc3+ Kh7 51. Qxa5 f5+ 52.
Kh3 Qf1+ 53. Kh4 g5+ 0-1

[Event "4NCL Team Rapidplay"]
[Site "Daventry"]
[Date "2013.10.05"]
[Round "5.6"]
[White "Thomas, Nicholas"]
[Black "Mossong, Hubert"]
[Result "1-0"]
[WhiteElo "2295"]
[BlackElo "2126"]
[PlyCount "79"]
[EventDate "2013.10.05"]
[EventType "team-swiss (rapid)"]
[EventRounds "7"]
[EventCountry "ENG"]
[WhiteTeam "Warwickshire Select"]
[BlackTeam "Leeds University Old Boys"]
[WhiteTeamCountry "ENG"]
[BlackTeamCountry "ENG"]

1. e4 c5 2. Nc3 Nc6 3. g3 g6 4. Bg2 Bg7 5. d3 e6 6. Be3 b6 7. Qd2 Nge7 8. Bh6
O-O 9. h4 f6 10. Bxg7 Kxg7 11. h5 g5 12. h6+ Kh8 13. f4 gxf4 14. gxf4 Bb7 15.
O-O-O Nd4 16. Nf3 Qc7 17. Nxd4 cxd4 18. Ne2 e5 19. fxe5 fxe5 20. Bh3 Qd6 21.
Rdf1 Bc6 22. Ng3 Ng6 23. Nf5 Qc5 24. Qg5 Rac8 25. Rh2 Bb5 26. Kb1 a5 27. Rhf2
a4 28. Ne7 Rxf2 29. Nxg6+ hxg6 30. Rxf2 Qd6 31. Rf6 Qe7 32. Rxg6 Qxg5 33. Rxg5
Rg8 34. Rxg8+ Kxg8 35. Bf5 d6 36. Kc1 Bc6 37. c3 Kf7 38. Kd2 d5 39. Be6+ Kg6
40. exd5 1-0

[Event "4NCL Team Rapidplay"]
[Site "Daventry"]
[Date "2013.10.05"]
[Round "5.7"]
[White "Deighton, Simon"]
[Black "Mason, Donald J"]
[Result "1/2-1/2"]
[WhiteElo "1986"]
[BlackElo "2204"]
[PlyCount "69"]
[EventDate "2013.10.05"]
[EventType "team-swiss (rapid)"]
[EventRounds "7"]
[EventCountry "ENG"]
[WhiteTeam "Leeds University Old Boys"]
[BlackTeam "Warwickshire Select"]
[WhiteTeamCountry "ENG"]
[BlackTeamCountry "ENG"]

1. d4 e6 2. c4 f5 3. Nc3 Nf6 4. g3 Be7 5. Nf3 O-O 6. Bg2 d6 7. O-O Ne4 8. Qc2
Nxc3 9. Qxc3 a5 10. b3 Bf6 11. Bb2 Nc6 12. Qd2 e5 13. dxe5 dxe5 14. Qxd8 Rxd8
15. Rfd1 Re8 16. Ne1 e4 17. Bxf6 gxf6 18. Nc2 a4 19. Ne3 axb3 20. axb3 Rxa1 21.
Rxa1 Be6 22. Rd1 Kf7 23. Bh3 Ne7 24. f3 f4 25. Bxe6+ Kxe6 26. gxf4 exf3 27.
exf3 c6 28. Kf2 Ra8 29. f5+ Nxf5 30. Nxf5 Kxf5 31. Rd7 b5 32. cxb5 cxb5 33.
Rd5+ Kf4 34. Rd4+ Ke5 35. Rd7 1/2-1/2

[Event "4NCL Team Rapidplay"]
[Site "Daventry"]
[Date "2013.10.05"]
[Round "5.8"]
[White "Baruch, Andrew"]
[Black "Bourne, Iain"]
[Result "1-0"]
[WhiteElo "2078"]
[BlackElo "1918"]
[PlyCount "57"]
[EventDate "2013.10.05"]
[EventType "team-swiss (rapid)"]
[EventRounds "7"]
[EventCountry "ENG"]
[WhiteTeam "Warwickshire Select"]
[BlackTeam "Leeds University Old Boys"]
[WhiteTeamCountry "ENG"]
[BlackTeamCountry "ENG"]

1. g3 c5 2. Bg2 Nc6 3. c4 g6 4. Nc3 Bg7 5. a3 d6 6. Rb1 a5 7. Nf3 e5 8. O-O
Nge7 9. d3 h6 10. Ne1 O-O 11. Nc2 Be6 12. Nd5 f5 13. b4 axb4 14. axb4 Bxd5 15.
cxd5 Nxb4 16. Nxb4 cxb4 17. Rxb4 Qc7 18. Qb3 Rfb8 19. Be3 Nc8 20. Rb1 b6 21.
Rc1 Qa7 22. h4 Kh7 23. Rbc4 Qa5 24. Rc7 b5 25. Qc2 Qa6 26. Rxg7+ Kxg7 27. Qc7+
Kh8 28. Qd8+ Kg7 29. Rc7+ 1-0

[Event "4NCL Team Rapidplay"]
[Site "Daventry"]
[Date "2013.10.05"]
[Round "6.1"]
[White "Merry, Alan B"]
[Black "Piper, Matthew"]
[Result "0-1"]
[WhiteElo "2297"]
[BlackElo "2362"]
[PlyCount "111"]
[EventDate "2013.10.05"]
[EventType "team-swiss (rapid)"]
[EventRounds "7"]
[EventCountry "ENG"]
[WhiteTeam "RSJ"]
[BlackTeam "Barbican"]
[WhiteTeamCountry "ENG"]
[BlackTeamCountry "ENG"]

1. e4 e5 2. Nf3 Nc6 3. Nc3 Nf6 4. Bb5 Bc5 5. O-O O-O 6. Bxc6 dxc6 7. d3 Nd7 8.
Ne2 Bd6 9. Ng3 Nc5 10. Be3 Ne6 11. d4 exd4 12. Nxd4 Nxd4 13. Qxd4 Bxg3 14. hxg3
Qxd4 15. Bxd4 Re8 16. f3 Be6 17. g4 Rad8 18. Bc3 f6 19. b3 Rd7 20. Kf2 Red8 21.
Ke2 c5 22. Rfd1 Rxd1 23. Rxd1 Rxd1 24. Kxd1 Kf7 25. e5 Bd7 26. exf6 gxf6 27.
Ke2 Kg6 28. Be1 f5 29. gxf5+ Bxf5 30. Kd2 c4 31. bxc4 h5 32. Bg3 c6 33. Bb8 a6
34. Kc3 b5 35. c5 a5 36. Bc7 a4 37. a3 Be6 38. Kd4 Kf5 39. c3 Bc4 40. Ke3 Bd5
41. Kf2 Bc4 42. Kg3 Bf1 43. Kf2 Bc4 44. Bd6 Bf7 45. Kg3 Ke6 46. Kf4 Kd5 47. Kf5
Kc4 48. Kf6 Bd5 49. Kg5 Kb3 50. Kxh5 Kxa3 51. Kg4 Kb3 52. Kf4 a3 53. c4 bxc4
54. Ke3 a2 55. Be5 c3 56. Kd4 0-1

[Event "4NCL Team Rapidplay"]
[Site "Daventry"]
[Date "2013.10.05"]
[Round "6.2"]
[White "Cox, John"]
[Black "Mayhew, Andrew"]
[Result "1-0"]
[WhiteElo "2387"]
[BlackElo "2058"]
[PlyCount "113"]
[EventDate "2013.10.05"]
[EventType "team-swiss (rapid)"]
[EventRounds "7"]
[EventCountry "ENG"]
[WhiteTeam "Barbican"]
[BlackTeam "RSJ"]
[WhiteTeamCountry "ENG"]
[BlackTeamCountry "ENG"]
[TimeControl "900+140"]
[WhiteClock "0:03:15"]
[BlackClock "0:00:56"]

1. c4 f5 2. g3 Nf6 3. Bg2 e6 4. Nf3 Be7 5. O-O O-O 6. Nc3 d6 7. d3 Qe8 8. Rb1
e5 9. b4 Qh5 10. c5 f4 11. cxd6 Bxd6 12. Ne4 Nxe4 13. dxe4 Be6 14. gxf4 exf4
15. e5 Be7 16. Nd4 Bc8 17. Qb3+ Kh8 18. Ne6 f3 19. exf3 Bxe6 20. Qxe6 Qe8 21.
f4 Nc6 22. Be3 Nd8 23. Qc4 c6 24. b5 c5 25. Rfd1 Rc8 26. a4 b6 27. Kh1 Bh4 28.
Rd2 Qh5 29. Rd7 Nf7 30. Qe4 Nh6 31. Bf3 Qe8 32. Rbd1 Nf5 33. Rxa7 Rd8 34. Rxd8
Qxd8 35. Ra8 Qxa8 36. Qxa8 Rxa8 37. Bxa8 Nxe3 38. fxe3 Kg8 39. Kg2 Kf8 40. Kf3
Bd8 41. Be4 g6 42. Bd3 Ke7 43. Ke4 Kd7 44. Bc4 Ke7 45. Kd5 Kd7 46. Be2 Bh4 47.
Bg4+ Kc7 48. Be6 Bf2 49. Ke4 Bg1 50. h3 h6 51. Bf7 g5 52. f5 Kd7 53. f6 Bf2 54.
Bc4 h5 55. e6+ Kd6 56. e7 Kd7 57. Bf7 1-0

[Event "4NCL Team Rapidplay"]
[Site "Daventry"]
[Date "2013.10.05"]
[Round "6.3"]
[White "Snape, Ian L"]
[Black "Rogers, Jonathan"]
[Result "0-1"]
[WhiteElo "2218"]
[BlackElo "2307"]
[PlyCount "100"]
[EventDate "2013.10.05"]
[EventType "team-swiss (rapid)"]
[EventRounds "7"]
[EventCountry "ENG"]
[WhiteTeam "RSJ"]
[BlackTeam "Barbican"]
[WhiteTeamCountry "ENG"]
[BlackTeamCountry "ENG"]
[TimeControl "900+130"]
[WhiteClock "0:00:39"]
[BlackClock "0:04:19"]

1. c4 Nf6 2. Nc3 e6 3. e4 d5 4. e5 d4 5. exf6 dxc3 6. bxc3 Qxf6 7. d4 e5 8. Nf3
exd4 9. Bg5 Qe6+ 10. Be2 h6 11. Nxd4 Qg6 12. Bf4 Bd6 13. Bd3 Qxg2 14. Qe2+ Kf8
15. Bxd6+ cxd6 16. O-O-O Qg5+ 17. Kb1 Nc6 18. Nb5 g6 19. Nxd6 Kg7 20. f4 Qxf4
21. Ne8+ Rxe8 22. Qxe8 Qe5 23. Rhe1 Qxc3 24. Rg1 Bf5 25. Qe2 Re8 26. Qb2 Qxb2+
27. Kxb2 Bxd3 28. Rxd3 Re2+ 29. Kb1 Rxh2 30. Rd7 Ne5 31. Rxb7 Nxc4 32. Rxa7 h5
33. Rc1 Nd2+ 34. Ka1 h4 35. Rd1 Rf2 36. Rd7 Nf3 37. Rh1 g5 38. a4 g4 39. a5 g3
40. a6 g2 41. Rc1 Rf1 42. Rdd1 g1=Q 43. Rxf1 Qd4+ 44. Ka2 Qa4+ 45. Kb2 Qb5+ 46.
Kc3 Qxa6 47. Ra1 Qc6+ 48. Kd3 h3 49. Ke3 h2 50. Rxf3 Qc3+ 0-1

[Event "4NCL Team Rapidplay"]
[Site "Daventry"]
[Date "2013.10.05"]
[Round "6.4"]
[White "Sanders, Isaac"]
[Black "Talsma, Paul"]
[Result "1-0"]
[WhiteElo "2269"]
[BlackElo "2192"]
[PlyCount "79"]
[EventDate "2013.10.05"]
[EventType "team-swiss (rapid)"]
[EventRounds "7"]
[EventCountry "ENG"]
[WhiteTeam "Barbican"]
[BlackTeam "RSJ"]
[WhiteTeamCountry "ENG"]
[BlackTeamCountry "ENG"]
[TimeControl "900+115"]
[WhiteClock "0:00:47"]
[BlackClock "0:02:57"]

1. Nc3 Nf6 2. d4 e6 3. e4 Bb4 4. e5 Nd5 5. Qg4 O-O 6. Bh6 g6 7. a3 Bxc3+ 8.
bxc3 c5 9. Nf3 Qa5 10. Bd2 Qc7 11. Bd3 Nc6 12. O-O d6 13. Rae1 dxe5 14. dxe5 f5
15. exf6 Nxf6 16. Qh4 Ne7 17. Bh6 Bd7 18. Ng5 c4 19. Bxf8 Rxf8 20. Bxc4 Ned5
21. Bxd5 exd5 22. Re7 Qd8 23. Rxh7 Nh5 24. Re1 Rf4 25. Qxf4 Nxf4 26. Rh8+ Kxh8
27. Nf7+ Kg7 28. Nxd8 Kf6 29. Nxb7 Ne6 30. Na5 Ba4 31. Nb3 Nf4 32. Nd4 Bd7 33.
g3 Nh3+ 34. Kg2 Ng5 35. f3 Nf7 36. Rb1 Nd6 37. Kf2 Ba4 38. Rb4 Bd7 39. Rb8 Nc4
40. Rb7 1-0

[Event "4NCL Team Rapidplay"]
[Site "Daventry"]
[Date "2013.10.05"]
[Round "6.5"]
[White "Jones, Gawain CB"]
[Black "Pritchett, Craig W"]
[Result "0-1"]
[WhiteElo "2638"]
[BlackElo "2359"]
[PlyCount "132"]
[EventDate "2013.10.05"]
[EventType "team-swiss (rapid)"]
[EventRounds "7"]
[EventCountry "ENG"]
[WhiteTeam "Guildford"]
[BlackTeam "Barbican II"]
[WhiteTeamCountry "ENG"]
[BlackTeamCountry "ENG"]

1. e4 c5 2. Nf3 e6 3. g3 Nc6 4. Bg2 Nf6 5. Qe2 d6 6. O-O Be7 7. c3 e5 8. h3 O-O
9. Rd1 Re8 10. d4 Qc7 11. dxc5 dxc5 12. Na3 a6 13. Nc4 Be6 14. Nh4 Rad8 15. Bg5
h6 16. Bd2 Bf8 17. Ne3 g6 18. Be1 Rxd1 19. Qxd1 Rd8 20. Qf3 Bg7 21. Bf1 b5 22.
a4 c4 23. axb5 axb5 24. Kh2 Na5 25. Bg2 Nb3 26. Rd1 Nc5 27. Qe2 Nfxe4 28. Nc2
Rxd1 29. Qxd1 Qd6 30. Qa1 Ng5 31. Qa3 Bf8 32. Qa5 Qd1 33. f4 exf4 34. gxf4 Qxc2
35. fxg5 hxg5 36. Nf3 Bd5 37. Nd2 Bxg2 38. Kxg2 Nd3 39. Qa1 Bd6 40. Kf1 Kg7 41.
Qb1 Qa4 42. b3 Qa8 43. bxc4 bxc4 44. Ke2 Qg2+ 45. Kd1 Nxe1 46. Kxe1 Bf4 47. Nf1
Qxh3 48. Qc2 Be5 49. Qe4 Qxc3+ 50. Ke2 Qb2+ 51. Kf3 Qb3+ 52. Kg2 Bf6 53. Ne3 c3
54. Kf3 Qe6 55. Qxe6 fxe6 56. Ke2 Bd4 57. Ng4 Kf7 58. Kd3 e5 59. Nh2 Ke6 60.
Nf3 g4 61. Ne1 g3 62. Ke2 e4 63. Nc2 g2 64. Nxd4+ Kd5 65. Kf2 Kxd4 66. Ke2 c2
0-1

[Event "4NCL Team Rapidplay"]
[Site "Daventry"]
[Date "2013.10.05"]
[Round "6.6"]
[White "Sands, David"]
[Black "Smerdon, David"]
[Result "0-1"]
[WhiteElo "2243"]
[BlackElo "2523"]
[PlyCount "168"]
[EventDate "2013.10.05"]
[EventType "team-swiss (rapid)"]
[EventRounds "7"]
[EventCountry "ENG"]
[WhiteTeam "Barbican II"]
[BlackTeam "Guildford"]
[WhiteTeamCountry "ENG"]
[BlackTeamCountry "ENG"]
[TimeControl "900+145"]
[WhiteClock "0:00:32"]
[BlackClock "0:02:14"]

1. d4 Nf6 2. c4 c5 3. d5 e5 4. Nc3 d6 5. e4 Nbd7 6. Be2 Be7 7. Nf3 Nf8 8. O-O
Ng6 9. g3 Bh3 10. Re1 h5 11. Ng5 Bd7 12. h4 Ng4 13. Kg2 a6 14. a4 Rb8 15. Bd2
b6 16. Rb1 Qc8 17. b3 f6 18. Nf3 f5 19. exf5 Bxf5 20. Rb2 O-O 21. Rf1 e4 22.
Ng5 Bf6 23. Qc1 Qe8 24. Ra2 Bd4 25. Nd1 Qe5 26. Ne3 Nxh4+ 27. Kg1 Ng6 28. Ne6
Bxe6 29. dxe6 Qxe6 30. Nxg4 hxg4 31. Kg2 Rf7 32. Be3 Rbf8 33. Qd2 Bxe3 34. Qxe3
Rf3 35. Bxf3 gxf3+ 36. Kh2 Rf5 37. g4 Nf4 38. Rh1 Rh5+ 39. Kg3 Ne2+ 40. Rxe2
Rxh1 41. Qxe4 Rg1+ 42. Kxf3 Qf6+ 43. Qf4 Rb1 44. Qxf6 Rxb3+ 45. Ke4 gxf6 46.
Kd5 Kf7 47. Kxd6 Rb4 48. Re7+ Kg6 49. Kd5 Rxa4 50. Re6 b5 51. cxb5 axb5 52.
Kxc5 Rf4 53. Kxb5 Rxf2 54. Kc4 Kg5 55. Kd3 Kxg4 56. Ke3 Rf1 57. Ke2 Rf5 58. Re8
Kg3 59. Rg8+ Rg5 60. Rf8 f5 61. Ke3 Kg4 62. Kf2 Rg7 63. Rf6 Ra7 64. Rf8 Ra2+
65. Ke3 Ra3+ 66. Kf2 Kf4 67. Rb8 Ra2+ 68. Kf1 Kg4 69. Rc8 Ra3 70. Kf2 Ra2+ 71.
Kf1 f4 72. Rb8 Kg3 73. Rf8 Rf2+ 74. Kg1 Ra2 75. Rg8+ Kf3 76. Rb8 Ra1+ 77. Kh2
Re1 78. Rb3+ Kf2 79. Rb8 f3 80. Rf8 Re7 81. Kh3 Rh7+ 82. Kg4 Kg2 83. Rxf3 Rg7+
84. Kf5 Kxf3 0-1

[Event "4NCL Team Rapidplay"]
[Site "Daventry"]
[Date "2013.10.05"]
[Round "6.7"]
[White "Hebden, Mark"]
[Black "Hodgson, John H"]
[Result "1-0"]
[WhiteElo "2548"]
[BlackElo "2150"]
[PlyCount "66"]
[EventDate "2013.10.05"]
[EventType "team-swiss (rapid)"]
[EventRounds "7"]
[EventCountry "ENG"]
[WhiteTeam "Guildford"]
[BlackTeam "Barbican II"]
[WhiteTeamCountry "ENG"]
[BlackTeamCountry "ENG"]
[TimeControl "900+85"]
[WhiteClock "0:05:40"]
[BlackClock "0:02:51"]

1. d4 Nf6 2. Nf3 g6 3. Nc3 d5 4. Bf4 Bg7 5. Qd2 O-O 6. e3 c5 7. dxc5 Qa5 8. e4
dxe4 9. Nxe4 Qxd2+ 10. Nexd2 Nbd7 11. c6 bxc6 12. O-O-O Nd5 13. Bg3 Nc5 14. Bc4
Nb6 15. Be5 Nxc4 16. Bxg7 Kxg7 17. Nxc4 Bg4 18. Nce5 Bxf3 19. Nxf3 f6 20. Nd4
e5 21. Nxc6 Rfc8 22. Ne7 Rc7 23. Nd5 Rc6 24. Rhe1 a5 25. Re3 Rb8 26. Rc3 Kf7
27. Ne3 Rbc8 28. f3 f5 29. Nc4 Ke6 30. Nxa5 Ra6 31. b4 Rc7 32. a3 Ke7 33. Rd5
Ra8 1-0